Annual Report of the Archaeological Survey of India 1935-36 : (Record no. 23491)

MARC details
000 -LEADER
fixed length control field 00628nam a22001697a 4500
003 - CONTROL NUMBER IDENTIFIER
control field BDDh-ASL
005 - DATE AND TIME OF LATEST TRANSACTION
control field 20231015030240.0
008 - FIXED-LENGTH DATA ELEMENTS--GENERAL INFORMATION
fixed length control field 210326s19901935ii ||||| |||| 00| 0 eng d
040 ## - CATALOGING SOURCE
Original cataloging agency BDDh-ASL
Transcribing agency BDDh-ASL
082 ## - DEWEY DECIMAL CLASSIFICATION NUMBER
Classification number 930.1
Item number ANN
245 10 - TITLE STATEMENT
Title Annual Report of the Archaeological Survey of India 1935-36 :
Remainder of title (with the kind Permission of the Govt. of India) /
260 ## - PUBLICATION, DISTRIBUTION, ETC.
Place of publication, distribution, etc. Delhi:
Name of publisher, distributor, etc. Swati Publications,
Date of publication, distribution, etc. 1990.
300 ## - PHYSICAL DESCRIPTION
Extent 163 p. :
Other physical details ills., plates, map ;
Dimensions 28 cm.
650 #0 - SUBJECT ADDED ENTRY--TOPICAL TERM
Topical term or geographic name entry element Archaeology, প্রত্নতত্ত্ব Pratnatattba
General subdivision Report
Geographic subdivision India
9 (RLIN) 1567
700 1# - ADDED ENTRY--PERSONAL NAME
9 (RLIN) 3548
Personal name Blakiston, J. F.
942 ## - ADDED ENTRY ELEMENTS (KOHA)
Source of classification or shelving scheme Dewey Decimal Classification
Koha item type Books
Holdings
Withdrawn status Lost status Source of classification or shelving scheme Damaged status Not for loan Collection code Home library Current library Shelving location Date acquired Source of acquisition Total Checkouts Full call number Barcode Date last seen Copy number Price effective from Koha item type Public note
    Dewey Decimal Classification     Non-fiction Asiatic Society Library Asiatic Society Library General Stacks 03/26/2021 ASB Library Collections   930.1 ANN 107943 03/26/2021 C-1 03/26/2021 Books RARE

Powered by Koha